00000000nam##2200000za#4500
0019.568653
003CaOODSP
00520210624181359
007cr |||||||||||
008150406|2002||||xxc|||||o    f|0| 0 eng|d
040 |aCaOODSP|beng
043 |an-cn---
0861 |aBT31-2/2002-III-84E-PDF
1101 |aCanada. |bTreasury Board.
24510|aCommission for Public Complaints Against the Royal Canadian Mounted Police, 2001-2002 estimates, part III - report on plans and priorities |h[electronic resource]
260 |aOttawa - Ontario : |bTreasury Board of Canada Secretariat |cc2001.
300 |a17p.|borganization chart, tables
4901 |a2001-2002 estimates. Part III, Report on plans and priorities |v2001-2002
500 |aThe catalogue number (BT31-2/2002-III-84) and ISBN (0-660-61511-8) for the bilingual print edition have been incorrectly copied in this electronic publication.
590 |a12-25-Supp|b2012-06-04
77508|tCommission des plaintes du public contre la Gendarmerie Royale du Canada, budget des dépenses 2001-2002, partie III - rapport sur les plans et les priorités |w(CaOODSP)9.599923
7760#|tRCMP - Public Complaints Commission |w(CaOODSP)9.534456
7760#|tCommission des plaintes du public contre la GRC |w(CaOODSP)9.534457
830#0|a2001-2002 estimates. Part III, Report on plans and priorities ;|v2001-2002|w(CaOODSP)9.506174
85640|ahttp://publications.gc.ca|qPDF|s270 KB|uhttps://publications.gc.ca/collections/Collection/BT31-2-2002-III-84E.pdf|y2001-2002